000 01459cam a22004334i 4500
003 PE-LiUPU
005 20250731172929.0
008 s1983 |r 000 0 eng d
020 _a0310267978
035 _a(Sirsi) a204232
040 _aPE-LiUPU
_bspa
_cPE-LiUPU
_erda
049 _aPRUA
082 0 4 _a259.22
_bR53
_221
100 1 _aRichards, Lawrence O.,
_eautor.
245 1 2 _aChildren's ministry :
_bNurturing faith within the family of God /
_cLawrence O. Richards.
264 1 _aMichigan :
_bMinistry,
_c1983.
300 _a447 páginas ;
_c20 centímetros.
336 _atext
_2rdacontent
337 _aunmediated
_2rdamedia
338 _avolume
_2rdacarrier
505 2 _aTheological framework for ministry -- Developmental framework for ministry -- Settings -- The home -- The church -- The christian school -- The bible in ministry.
526 _aSEG42
526 _aSEG41
526 _aSEG40
526 _aSEG39
526 _aP94
526 _aP87
526 _aP86
526 _aP85
526 _aP77
526 _aP76
526 _aP35
650 0 4 _aMinisterio
942 _2ddc
_cBOOK
994 _aC0
_bPEPRU
596 _a1
999 _a259.22 R53
_wLC
_c20604
_i76053
_d20604
_f2021-11-10
_g4
_lCCODEBUL1
_mBUL
_p12.00
_q1
_r0
_sY
_tBOOK
_u2017-6-1
_xTEOLOGIA
_PP85
_0DONACION
_o.STAFF. Colección Teología
980 _81
_gALBERTO SANCHEZ Responsable de Automatización